000 00432nam a2200169 i 4500
001 145935
003 ES-MaACL
005 20230906201348.0
007 t|
008 071018s1976 sp ||||1| spa d
100 1 _aVerde, Josefina.
_9114005
245 1 0 _aCon hambre /
_cJosefina Verde.
250 _a[1ยช ed.].
260 _aSalamanca :
_b[s.n.],
_c1976.
300 _a131 p. ;
_c21 cm.
852 _aES-MaACL
_jA-9759
_bR.98947
999 _c145935
_d145935